000
00280nam a22001337a 4500
008
170529b xxu||||| |||| 00| 0 eng d
020
_a
Q400
041
_a
eng
080
_a
621.38
100
_a
26
101
_a
IM
245
_a
HANDBOOK OF METRIC GEARS
_c
QTC
942
_2
udc
_c
BK
999
_c
14901
_d
14901